Normal view MARC view

Entry Personal Name

Number of records used in: 1

001 - CONTROL NUMBER

  • control field: 49505

003 - CONTROL NUMBER IDENTIFIER

  • control field: dpl

005 - DATE AND TIME OF LATEST TRANSACTION

  • control field: 20120625142459.0

008 - FIXED-LENGTH DATA ELEMENTS

  • fixed length control field: 120625|||a|||||| | ||| d

040 ## - CATALOGING SOURCE

  • Original cataloging agency: dpl
  • Transcribing agency: dpl

100 ## - HEADING--PERSONAL NAME

  • Personal name: बंसल, खुशदीप

670 ## - SOURCE DATA FOUND

  • Source citation: Work cat.: (dpl): बंसल, खुशदीप, ध्यान;, 110063

670 ## - SOURCE DATA FOUND

  • Source citation: Work cat.: (dpl): बंसल, खुशदीप, ध्यान;, 110063

© Delhi Public Library
Hit Counter
free hit counter